| 000 | 01313cam a22003617a 4500 | ||
|---|---|---|---|
| 003 | CHAP | ||
| 005 | 20220329142947.0 | ||
| 008 | 050425d2000 us a r 00010 eng d | ||
| 010 | _a90159 | ||
| 011 | _a91131 | ||
| 020 | _a0-13-084517-5 (manual del CD) | ||
| 020 | _a0130103101 | ||
| 035 | _a101689 | ||
| 040 | _cCHAP | ||
| 082 | 0 | 4 |
_a540 _bB7 2000 |
| 100 | 0 | 0 |
_aBrown, Theodore L. _915699 |
| 245 | 1 | 0 |
_aChemistry : _bthe central science _c/by Theodore L. Brown, H. Eugene LeMay, Jr. and Bruce E. Bursten |
| 250 | _a8ed. | ||
| 260 |
_aUpper Saddle River, N.J. : _bPrentice Hall, _c2000. |
||
| 300 |
_a1023 p. : _bilus., gráfs. + _c1 CD ROM + _c1 manual del cd |
||
| 500 | _aConsulta del CD en : www.ceres.chapingo.mx (Material complementario del libro impreso) | ||
| 590 |
_aBATCH-UPD _b10 _c20130110 _lUCH01 _h0801 |
||
| 590 |
_aBATCH-UPD _b10 _c20130410 _lUCH01 _h0440 |
||
| 590 |
_aBATCH-UPD _b10 _c20130914 _lUCH01 _h0758 |
||
| 590 |
_aCONVERSION _b10 _c20130109 _lUCH01 _h1350 |
||
| 650 | 1 | 4 |
_aQuímica. _993552 |
| 700 | 0 |
_aBursten, Bruce E. _916307 |
|
| 700 | 0 |
_aLeMay, H. Eugene, Jr. _965938 |
|
| 901 | _aBK | ||
| 942 | _cFOLL | ||
| 949 |
_a540 B7 2000 _bBC _cLIBRO _d33724000799425 _eLIBRO _h105338 _i101689 _kI.00224353 _si _t$ 1 712.00 |
||
| 949 |
_aFolleto 18324 _bBC _cFOLL _d33724002344157 _eTS2 _i101689 _sb |
||
| 999 |
_c90159 _d90159 |
||